Missatge del Consell Permanent en defensa dels drets de la llengua catalana
Descripción Física:
10 p.; 24 cm
Materias:
Català -- Aspectes socials
MARC
| LEADER | 00000nam a2200000Ia 4500 | ||
|---|---|---|---|
| 001 | 691 | ||
| 008 | 160829s1916 xx 000 0 cat d | ||
| 080 | |a RF-4-25 | ||
| 110 | |a Catalunya. |b Mancomunitat. |b Consell Permanent |9 53060 | ||
| 245 | |a Missatge del Consell Permanent en defensa dels drets de la llengua catalana | ||
| 260 | |a Barcelona : |b (Imp. Casa Caritat), |c 1916 | ||
| 300 | |a 10 p.; |c 24 cm | ||
| 590 | |a Hi ha un duplicat a DUP-186-78. | ||
| 590 | |a Hi ha un exemplar a 3746, exp. 5. (R. 17498). | ||
| 590 | |a Hi ha un exemplar en castellà a 3746, exp. 5 (R. 17499) | ||
| 650 | 0 | |a Català |x Aspectes socials |9 24616 | |
| 856 | 4 | |u https://media.diba.cat/diba/fitxers/arxiu/fulletons/bib_691_1916_baixa.pdf |y Accés lliure | |
| 856 | 4 | |u https://media.diba.cat/diba/fitxers/arxiu/fulletons/bib_691_1916_baixa.pdf |y Accés lliure | |
| 901 | |a Arxiu | ||
| 942 | |n 1 |2 udc | ||
| 952 | |0 0 |1 0 |4 0 |6 RF425 |7 1 |9 54557 |a Arxiu |b Arxiu |d 2016-12-01 |l 0 |o RF-4-25 |p 691 |r 2016-12-01 00:00:00 |w 2016-12-01 |y ARXIU | ||
| 999 | |c 58426 |d 58426 | ||
| 900 | |a bib_691_1916_baixa.pdf | ||